[Event "Liga Madrid 2009-2010 Division de Honor"]
[Site "Madrid ESP"]
[Date "2009.12.13"]
[Round "3.13"]
[White "Salcedo Tornero, Pablo"]
[Black "Rabadan Velasco, Raul"]
[Result "0-1"]
[WhiteElo "2184"]
[BlackElo "2334"]
[PlyCount "136"]
[EventDate "2009.11.22"]
[EventType "team"]
[EventRounds "14"]
[EventCountry "ESP"]
[Source "lmi"]
[SourceDate "2009.11.22"]

1. g3 e5 2. Bg2 Nc6 3. d3 Bc5 4. Nf3 d6 5. Nc3 a6 6. a3 Nge7 7. e3 Bg4 8. h3
Bd7 9. b4 Ba7 10. Bb2 Qc8 11. Ng5 h6 12. Nf3 f5 13. Qe2 O-O 14. Nd2 Be6 15. f4
Qe8 16. O-O-O Qf7 17. Nf3 exf4 18. gxf4 Rae8 19. Rde1 Nd5 20. Qd2 Nxc3 21. Qxc3
Bd7 22. d4 Re7 23. Bf1 b5 24. Rg1 Qd5 25. Nd2 Bxd4 26. Bg2 Qxg2 27. exd4 Rxe1+
28. Rxe1 Qd5 29. Nf1 Qc4 30. Qxc4+ bxc4 31. d5 Nb8 32. Ne3 Bb5 33. Rg1 Rf7 34.
Kd2 Nd7 35. Kc3 Nb6 36. Kd4 Kh7 37. c3 g6 38. Re1 Re7 39. Ng2 Rxe1 40. Nxe1 g5
41. Ng2 Kg6 42. Ne3 gxf4 43. Ng2 f3 44. Nh4+ Kh5 45. Nxf3 Be8 46. Nd2 Bf7 47.
Nxc4 Nxd5 48. Bc1 Nf6 49. Ne3 f4 50. Ng2 f3 51. Nf4+ Kh4 52. Be3 Kg3 53. Nd3 h5
54. Bf4+ Kxh3 55. Ke3 Ng4+ 56. Kxf3 Bd5+ 57. Ke2 Bc4 58. Kd2 Bxd3 59. Kxd3 Nf2+
60. Ke2 Kg2 61. a4 Ne4 62. Kd3 Kf3 63. Be3 c6 64. Bg1 h4 65. c4 h3 66. Bh2 Kg2
67. Kxe4 Kxh2 68. b5 Kg3 0-1

[Event "Liga Madrid 2009-2010 Division de Honor"]
[Site "Madrid ESP"]
[Date "2009.12.13"]
[Round "3.14"]
[White "Anton Guijarro, David"]
[Black "Piña Sierra, Julia"]
[Result "1-0"]
[WhiteElo "2300"]
[BlackElo "2061"]
[PlyCount "89"]
[EventDate "2009.11.22"]
[EventType "team"]
[EventRounds "14"]
[EventCountry "ESP"]
[Source "lmi"]
[SourceDate "2009.11.22"]

1. d4 Nf6 2. Nf3 g6 3. c4 Bg7 4. Nc3 d5 5. Bg5 c6 6. e3 O-O 7. Rc1 Ne4 8. Bh4
Bg4 9. cxd5 Bxf3 10. gxf3 Nxc3 11. bxc3 cxd5 12. Qb3 Qd7 13. Rb1 b6 14. Bb5 Nc6
15. Bxe7 Rfc8 16. Bh4 Qf5 17. O-O Na5 18. Qd1 Rxc3 19. Ba6 Nc4 20. Rb3 Rxb3 21.
axb3 Nd6 22. Bg3 Qe6 23. Qc2 Nf5 24. Rc1 Rd8 25. Qc7 Bf6 26. Rc6 Qe7 27. Qxe7
Bxe7 28. Rc7 Bd6 29. Bxd6 Rxd6 30. Rxa7 Nh4 31. f4 Kg7 32. Rc7 g5 33. fxg5 Nf3+
34. Kg2 Nxg5 35. Bd3 Ne6 36. Rc8 h6 37. b4 Nd8 38. b5 Kf6 39. Kg3 Ke6 40. Rc7
f5 41. Rh7 Nf7 42. Kf4 Kf6 43. Bxf5 Rd8 44. f3 Rg8 45. e4 1-0

[Event "Liga Madrid 2009-2010 Division de Honor"]
[Site "Madrid ESP"]
[Date "2009.12.13"]
[Round "3.15"]
[White "Garcia Diaz, Victor"]
[Black "Tamayo Romay, Javier"]
[Result "0-1"]
[WhiteElo "2095"]
[BlackElo "2232"]
[PlyCount "128"]
[EventDate "2009.11.22"]
[EventType "team"]
[EventRounds "14"]
[EventCountry "ESP"]
[Source "lmi"]
[SourceDate "2009.11.22"]

1. d4 f5 2. e4 fxe4 3. Nc3 Nf6 4. Bg5 Nc6 5. d5 Ne5 6. Qe2 c6 7. O-O-O Qa5 8.
Bxf6 gxf6 9. Qxe4 Bh6+ 10. Kb1 O-O 11. Qh4 Bg7 12. f4 Ng6 13. Qg3 Qc7 14. Bc4
cxd5 15. Bxd5+ e6 16. Bb3 Qxf4 17. Qe1 d5 18. Nge2 Qe5 19. h4 f5 20. Qf2 a5 21.
h5 Ne7 22. h6 Bf6 23. Nf4 Bg5 24. Nfxd5 Nxd5 25. Nxd5 a4 26. Rhe1 Qb8 27. Nb6
axb3 28. Nxa8 bxc2+ 29. Kxc2 Qxa8 30. Qg3 Qa4+ 31. Kb1 Qf4 32. Qb3 Bxh6 33. Rd3
Bg7 34. Red1 Qe4 35. Ka1 Qh4 36. Qb6 Bf6 37. Rh3 Qf4 38. Rdh1 Qd4 39. Qb3 Qd7
40. Qg3+ Qg7 41. Qb3 Bg5 42. Rc3 Qe7 43. Qc2 Qe8 44. Rc7 h6 45. Qc3 e5 46. Qb3+
Be6 47. Qxb7 Rf7 48. Rxf7 Bxf7 49. Qb6 e4 50. Re1 Qe5 51. a4 Qd5 52. b3 Bd2 53.
Re2 Bc3+ 54. Ka2 Qd1 55. Rb2 Bxb2 56. Kxb2 Qd2+ 57. Ka3 e3 58. Qxh6 Qd3 59.
Qg5+ Kf8 60. Qh6+ Ke7 61. Qg5+ Kd7 62. Kb4 Qxb3+ 63. Kc5 Qc3+ 64. Kb6 Qb4+ 0-1

[Event "Liga Madrid 2009-2010 Division de Honor"]
[Site "Madrid ESP"]
[Date "2009.12.13"]
[Round "3.21"]
[White "Arribas Lopez, Angel"]
[Black "Roa Alonso, Santiago"]
[Result "1-0"]
[WhiteElo "2481"]
[BlackElo "2412"]
[PlyCount "115"]
[EventDate "2009.11.22"]
[EventType "team"]
[EventRounds "14"]
[EventCountry "ESP"]
[Source "lmi"]
[SourceDate "2009.11.22"]

1. e4 e5 2. Nf3 Nc6 3. Bb5 a6 4. Ba4 Nf6 5. d3 b5 6. Bb3 Be7 7. O-O d6 8. c3
O-O 9. Qe2 Na5 10. Bc2 c5 11. Rd1 Qc7 12. Nbd2 Nc6 13. Nf1 Be6 14. Bg5 Nh5 15.
Ne3 Bxg5 16. Nxg5 Nf4 17. Qf1 Bd7 18. g3 Qd8 19. h4 h6 20. Nf3 Nh5 21. Qe2 Nf6
22. d4 exd4 23. cxd4 cxd4 24. Nxd4 Re8 25. Qf3 Ne5 26. Qg2 g6 27. Ne2 Bg4 28.
Nxg4 Nexg4 29. Nc3 Rc8 30. a3 Qb6 31. Qf3 Kg7 32. Bd3 Re5 33. Rd2 Rce8 34. Rad1
d5 35. Nxd5 Nxd5 36. exd5 h5 37. Bf1 Re3 38. Qg2 Re1 39. Rxe1 Rxe1 40. d6 Re8
41. Qf3 Rd8 42. Qc3+ Nf6 43. Qe5 Re8 44. Qd4 Qxd4 45. Rxd4 Kf8 46. d7 Rd8 47.
Rd6 Nxd7 48. Rxa6 Nc5 49. Ra5 Rd1 50. Rxb5 Ne4 51. Kg2 Rd2 52. a4 Nxf2 53. a5
Ng4+ 54. Kg1 Rd1 55. Rb3 Ra1 56. Ra3 Rxa3 57. bxa3 Ne5 58. Bg2 1-0

[Event "Liga Madrid 2009-2010 Division de Honor"]
[Site "Madrid ESP"]
[Date "2009.12.13"]
[Round "3.22"]
[White "Cao Armillas, Jesus"]
[Black "Gallardo Garcia, Andres"]
[Result "0-1"]
[WhiteElo "2205"]
[BlackElo "2418"]
[PlyCount "106"]
[EventDate "2009.11.22"]
[EventType "team"]
[EventRounds "14"]
[EventCountry "ESP"]
[Source "lmi"]
[SourceDate "2009.11.22"]

1. c4 g6 2. Nc3 Bg7 3. d4 Nf6 4. g3 O-O 5. Bg2 d6 6. e3 e5 7. Nge2 c6 8. b3 Re8
9. Ba3 Qa5 10. Bxd6 exd4 11. b4 Qa3 12. Na4 Ne4 13. Bxe4 Rxe4 14. O-O d3 15.
Nd4 Bg4 16. Qb3 Qxb3 17. axb3 Bxd4 18. exd4 Nd7 19. Bf4 Rxd4 20. f3 Bh3 21. Rf2
Re8 22. Nc3 b5 23. Ne4 bxc4 24. bxc4 Bf5 25. Nd6 Re2 26. Rd1 Nb6 27. Nxf5 gxf5
28. Rxe2 dxe2 29. Re1 Rxc4 30. Rxe2 Rxb4 31. Bh6 f6 32. Re7 a5 33. Rg7+ Kf8 34.
Ra7+ Ke8 35. Rxa5 Kf7 36. Ra7+ Ke6 37. Rxh7 Nd5 38. Bf8 Rb1+ 39. Kg2 Rb2+ 40.
Kh3 Rc2 41. Ra7 c5 42. Ra6+ Kf7 43. Bd6 c4 44. g4 f4 45. Ra5 Rd2 46. Ra7+ Ke6
47. Bb8 c3 48. Ra6+ Kd7 49. Ra4 c2 50. Rc4 Rf2 51. g5 fxg5 52. Be5 Rxf3+ 53.
Kg4 Ne3+ 0-1

[Event "Liga Madrid 2009-2010 Division de Honor"]
[Site "Madrid ESP"]
[Date "2009.12.13"]
[Round "3.23"]
[White "Candela Perez, Jose"]
[Black "Cepeda Delgado, Camilo Jose"]
[Result "1-0"]
[WhiteElo "2416"]
[BlackElo "2141"]
[PlyCount "69"]
[EventDate "2009.11.22"]
[EventType "team"]
[EventRounds "14"]
[EventCountry "ESP"]
[Source "lmi"]
[SourceDate "2009.11.22"]

1. e4 e6 2. d4 d5 3. Nd2 Nf6 4. e5 Ne4 5. Bd3 Nxd2 6. Bxd2 c5 7. dxc5 Nc6 8.
Nf3 Bxc5 9. O-O Bd7 10. c3 Qc7 11. Qe2 Ne7 12. b4 Bb6 13. Rac1 Rc8 14. c4 dxc4
15. Rxc4 Qb8 16. Rg4 g6 17. Bh6 Nf5 18. Bxf5 exf5 19. Rh4 Be6 20. Rd1 Qc7 21.
Bg7 Rg8 22. Bf6 Qc2 23. Qb5+ Rc6 24. Qf1 Bc4 25. Nd4 Bxf1 26. Nxc2 Be2 27. Rd2
Bd3 28. Rxd3 Rxc2 29. Kf1 Rxa2 30. Ke1 Rc2 31. Rxh7 Rc4 32. Kd2 Rd4 33. Rxd4
Bxd4 34. e6 Bxf6 35. exf7+ 1-0

[Event "Liga Madrid 2009-2010 Division de Honor"]
[Site "Madrid ESP"]
[Date "2009.12.13"]
[Round "3.24"]
[White "Lorite Cruz, Francisco"]
[Black "Prieto Martin, Alfonso"]
[Result "1/2-1/2"]
[WhiteElo "2073"]
[BlackElo "2212"]
[PlyCount "85"]
[EventDate "2009.11.22"]
[EventType "team"]
[EventRounds "14"]
[EventCountry "ESP"]
[Source "lmi"]
[SourceDate "2009.11.22"]

1. e4 c6 2. d4 d5 3. exd5 cxd5 4. c4 Nf6 5. Nc3 e6 6. Nf3 Be7 7. Bd3 Nc6 8. c5
O-O 9. O-O b6 10. cxb6 axb6 11. Bf4 Nh5 12. Be3 g6 13. Bb5 Bd7 14. Re1 Bd6 15.
Qd2 Na5 16. Ne5 Bxe5 17. dxe5 Bxb5 18. Nxb5 Nc4 19. Qc3 Qd7 20. a4 Rfc8 21. Qd4
Ng7 22. g4 Nxe3 23. Qxe3 Rc4 24. h3 Rcxa4 25. Rxa4 Rxa4 26. Qb3 Rf4 27. Ra1 h5
28. Ra7 Qc8 29. Nc7 Kh7 30. gxh5 Nxh5 31. Qxb6 Qd8 32. Qe3 Qg5+ 33. Kh2 Qf5 34.
Kg2 d4 35. Qd2 Rf3 36. Ne8 Qxh3+ 37. Kg1 Rf4 38. Nf6+ Rxf6 39. exf6 Qg4+ 40.
Kf1 Qh3+ 41. Kg1 Qg4+ 42. Kf1 Qh3+ 43. Kg1 1/2-1/2

[Event "Liga Madrid 2009-2010 Division de Honor"]
[Site "Madrid ESP"]
[Date "2009.12.13"]
[Round "3.25"]
[White "Cesar Benavides, Juan Antonio"]
[Black "San Juan Rodriguez, Miguel"]
[Result "1/2-1/2"]
[WhiteElo "2175"]
[BlackElo "2073"]
[PlyCount "112"]
[EventDate "2009.11.22"]
[EventType "team"]
[EventRounds "14"]
[EventCountry "ESP"]
[Source "lmi"]
[SourceDate "2009.11.22"]

1. d4 d5 2. c4 Nc6 3. e3 e5 4. cxd5 Qxd5 5. Nc3 Bb4 6. a3 Bxc3+ 7. bxc3 Nf6 8.
c4 Qd6 9. d5 Ne7 10. a4 Nd7 11. Ba3 Nc5 12. Nf3 b6 13. Nd2 Bf5 14. Be2 Qg6 15.
Bxc5 bxc5 16. O-O Rb8 17. Qc1 Bh3 18. Bf3 Nf5 19. Kh1 Bg4 20. Qc3 f6 21. Be4
Qh6 22. Bxf5 Bxf5 23. Nb3 O-O 24. Nxc5 Qg6 25. f3 h5 26. e4 Bc8 27. Rab1 Rxb1
28. Rxb1 h4 29. Qe3 h3 30. g4 f5 31. exf5 Bxf5 32. Rg1 Bb1 33. Nd7 Rxf3 34.
Qxe5 Be4 35. Nc5 Re3+ 36. Nxe4 Rxe4 37. Qxc7 Re8 38. Qf4 Re4 39. Qb8+ Re8 40.
Qb1 Qg5 41. Qd3 Re3 42. Qd4 Qe7 43. d6 Qb7+ 44. Qd5+ Qxd5+ 45. cxd5 Rd3 46. Rc1
Rxd5 47. Kg1 Rxd6 48. Rc4 Rd2 49. g5 Rg2+ 50. Kf1 Rxg5 51. Rc8+ Kh7 52. Rc3 Rg4
53. Rxh3+ Kg8 54. Ra3 a5 55. Kf2 Kf7 56. h3 Rb4 1/2-1/2

[Event "Liga Madrid 2009-2010 Division de Honor"]
[Site "Madrid ESP"]
[Date "2009.12.13"]
[Round "3.26"]
[White "Tipter, Napoleon"]
[Black "Nunez Gutierrez, Juan Carlos"]
[Result "1-0"]
[WhiteElo "2048"]
[BlackElo "2101"]
[PlyCount "95"]
[EventDate "2009.11.22"]
[EventType "team"]
[EventRounds "14"]
[EventCountry "ESP"]
[Source "lmi"]
[SourceDate "2009.11.22"]

1. e4 e5 2. Nf3 Nf6 3. Nxe5 d6 4. Nf3 Nxe4 5. d4 d5 6. Bd3 Bg4 7. O-O Be7 8.
Re1 Nc6 9. c3 f5 10. Nbd2 O-O 11. h3 Bh5 12. Nf1 Kh8 13. Ng3 Bg6 14. Bf4 Bd6
15. Qc1 Qf6 16. Nf1 Rae8 17. Bxd6 Nxd6 18. Qc2 Bh5 19. N3h2 Re6 20. Ng3 Bg6 21.
Rxe6 Qxe6 22. Nf3 h6 23. Re1 Ne4 24. Qb3 Qd6 25. Nf1 Bh5 26. Be2 Bxf3 27. Bxf3
b6 28. Be2 Nd8 29. Bd3 Ne6 30. f3 Nf4 31. Qc2 Nxd3 32. Qxd3 Ng5 33. Re5 Qg6 34.
Kh2 Qd6 35. g3 f4 36. g4 c6 37. Qe2 c5 38. h4 Nf7 39. Re8 Kg8 40. dxc5 bxc5 41.
Nd2 Qf6 42. Kh3 h5 43. Re6 hxg4+ 44. fxg4 Qd8 45. Nf3 Nd6 46. Qe5 Ne4 47. Re7
Rf6 48. Re8+ 1-0

[Event "Liga Madrid 2009-2010 Division de Honor"]
[Site "Madrid ESP"]
[Date "2009.12.13"]
[Round "3.31"]
[White "Moreno Carnero, Javier"]
[Black "Valles Moreno, Ivan"]
[Result "1/2-1/2"]
[WhiteElo "2518"]
[BlackElo "2424"]
[PlyCount "58"]
[EventDate "2009.11.22"]
[EventType "team"]
[EventRounds "14"]
[EventCountry "ESP"]
[Source "lmi"]
[SourceDate "2009.11.22"]

1. e4 c5 2. Nf3 e6 3. d4 cxd4 4. Nxd4 Nc6 5. Nc3 Qc7 6. Be2 a6 7. O-O Nf6 8.
Be3 Bb4 9. Na4 Be7 10. Nxc6 bxc6 11. Nb6 Rb8 12. Nxc8 Qxc8 13. Bd4 Qc7 14. e5
Nd5 15. b3 a5 16. Qd2 O-O 17. c4 Nb4 18. Bc3 c5 19. Bf3 d6 20. exd6 Bxd6 21. g3
Be5 22. Rfd1 Bxc3 23. Qxc3 a4 24. bxa4 Nc6 25. Bxc6 Qxc6 26. a5 Qa4 27. a3 Rb3
28. Qe5 Qxa5 29. a4 Rb4 1/2-1/2

[Event "Liga Madrid 2009-2010 Division de Honor"]
[Site "Madrid ESP"]
[Date "2009.12.13"]
[Round "3.32"]
[White "Sanchez Gonzalez, Sergio"]
[Black "Gallego Jimenez, Victoriano"]
[Result "0-1"]
[WhiteElo "2322"]
[BlackElo "2421"]
[PlyCount "36"]
[EventDate "2009.11.22"]
[EventType "team"]
[EventRounds "14"]
[EventCountry "ESP"]
[Source "lmi"]
[SourceDate "2009.11.22"]

1. c4 b6 2. Nc3 e6 3. e4 Bb7 4. d4 Bb4 5. Bd3 f5 6. d5 fxe4 7. Bxe4 Qh4 8. Qd4
Nf6 9. Bf4 Bxc3+ 10. bxc3 Nxe4 11. Qxe4 O-O 12. Ne2 exd5 13. cxd5 Na6 14. Qd3
Nc5 15. Qd2 Ba6 16. g3 Qg4 17. Kd1 Ne4 18. Qe3 Bxe2+ 0-1

[Event "Liga Madrid 2009-2010 Division de Honor"]
[Site "Madrid ESP"]
[Date "2009.12.13"]
[Round "3.33"]
[White "Elguezabal Varela, Daniel"]
[Black "Perez Gonzalez, Jose Manuel"]
[Result "0-1"]
[WhiteElo "2377"]
[BlackElo "2332"]
[PlyCount "56"]
[EventDate "2009.11.22"]
[EventType "team"]
[EventRounds "14"]
[EventCountry "ESP"]
[Source "lmi"]
[SourceDate "2009.11.22"]

1. c4 Nf6 2. Nc3 g6 3. g3 Bg7 4. Bg2 O-O 5. e4 d6 6. Nge2 c5 7. O-O Nc6 8. d3
Rb8 9. Rb1 a6 10. a3 Bg4 11. f3 Bd7 12. b4 cxb4 13. axb4 Qb6+ 14. Kh1 Nxb4 15.
Na2 a5 16. Bd2 Qa7 17. Nxb4 axb4 18. Rxb4 b5 19. Qc1 bxc4 20. Rxc4 Rfc8 21. Be3
Qa6 22. Rxc8+ Rxc8 23. Qd2 Bb5 24. Rd1 Nd7 25. Rc1 Rxc1+ 26. Nxc1 Ne5 27. Bh6
Bxh6 28. Qxh6 Qa1 0-1

[Event "Liga Madrid 2009-2010 Division de Honor"]
[Site "Madrid ESP"]
[Date "2009.12.13"]
[Round "3.34"]
[White "Vallejo Diaz, Javier"]
[Black "Rojo Huerta, Gabriel"]
[Result "1/2-1/2"]
[WhiteElo "2310"]
[BlackElo "2374"]
[PlyCount "51"]
[EventDate "2009.11.22"]
[EventType "team"]
[EventRounds "14"]
[EventCountry "ESP"]
[Source "lmi"]
[SourceDate "2009.11.22"]

1. e4 e6 2. d4 d5 3. Nd2 c5 4. exd5 Qxd5 5. Ngf3 cxd4 6. Bc4 Qd6 7. O-O Nf6 8.
Nb3 Nc6 9. Nbxd4 Nxd4 10. Nxd4 Bd7 11. c3 O-O-O 12. Qe2 Qc7 13. Be3 Ng4 14.
Qxg4 Qxc4 15. Qg3 f6 16. a4 a6 17. b3 Qc7 18. Qxc7+ Kxc7 19. a5 Bd6 20. b4 e5
21. Nb3 Kb8 22. Bb6 Bc7 23. Bxc7+ Kxc7 24. Nc5 Bf5 25. f3 h5 26. Rfd1 1/2-1/2

[Event "Liga Madrid 2009-2010 Division de Honor"]
[Site "Madrid ESP"]
[Date "2009.12.13"]
[Round "3.35"]
[White "Navarro Nicolas, Victor Manuel"]
[Black "Vallejo Diaz, Jesus"]
[Result "1/2-1/2"]
[WhiteElo "2228"]
[BlackElo "2277"]
[PlyCount "49"]
[EventDate "2009.11.22"]
[EventType "team"]
[EventRounds "14"]
[EventCountry "ESP"]
[Source "lmi"]
[SourceDate "2009.11.22"]

1. d4 Nf6 2. c4 g6 3. Nc3 Bg7 4. e4 d6 5. Be2 O-O 6. Bg5 Nbd7 7. Qd2 e5 8. d5
a5 9. f3 h6 10. Be3 Nc5 11. g4 Ne8 12. h4 Kh7 13. h5 g5 14. Nh3 Bf6 15. Nf2 Bd7
16. O-O Ng7 17. b3 Be7 18. Rfb1 Qe8 19. Nb5 Bd8 20. Nd3 b6 21. Nxc5 dxc5 22. a3
Bxb5 23. cxb5 Be7 24. Qb2 Bd6 25. Bd2 1/2-1/2

[Event "Liga Madrid 2009-2010 Division de Honor"]
[Site "Madrid ESP"]
[Date "2009.12.13"]
[Round "3.36"]
[White "Fernandez Garcia, Miguel Angel"]
[Black "Gemy Vargas, Daniel"]
[Result "0-1"]
[WhiteElo "2254"]
[BlackElo "2169"]
[PlyCount "96"]
[EventDate "2009.11.22"]
[EventType "team"]
[EventRounds "14"]
[EventCountry "ESP"]
[Source "lmi"]
[SourceDate "2009.11.22"]

1. d4 Nf6 2. Nf3 e6 3. c4 d5 4. g3 c6 5. Qc2 Nbd7 6. Bg2 Bd6 7. O-O O-O 8. Nbd2
Qe7 9. Rd1 b6 10. e4 dxe4 11. Nxe4 Nxe4 12. Qxe4 Bb7 13. Ne5 f5 14. Qe2 Nxe5
15. dxe5 Bc5 16. Be3 Rad8 17. b3 h6 18. Bxc5 Qxc5 19. Qe3 Kf7 20. Qc3 a5 21. a3
Ba6 22. Bf3 a4 23. b4 Qxc4 24. Rdc1 Qxc3 25. Rxc3 Rd3 26. Rxd3 Bxd3 27. Rc1 Bb5
28. g4 fxg4 29. Bxg4 Ke7 30. Rd1 Rf4 31. f3 h5 32. Bxh5 Rf5 33. Bg4 Rxe5 34.
Rd4 Re3 35. Kf2 Re2+ 36. Kg3 c5 37. bxc5 bxc5 38. Rd1 Re3 39. Rb1 Rb3 40. Re1
Bd7 41. Ra1 c4 42. Kf2 c3 43. Rc1 Rxa3 44. Ke3 Rb3 45. Kd4 a3 46. Kc4 Ba4 47.
f4 a2 48. Ra1 Rb1 0-1

[Event "Liga Madrid 2009-2010 Division de Honor"]
[Site "Madrid ESP"]
[Date "2009.12.13"]
[Round "3.41"]
[White "Serrano Salvador, Eduardo"]
[Black "Moreno Ruiz, Javier"]
[Result "1/2-1/2"]
[WhiteElo "2319"]
[BlackElo "2459"]
[PlyCount "64"]
[EventDate "2009.11.22"]
[EventType "team"]
[EventRounds "14"]
[EventCountry "ESP"]
[Source "lmi"]
[SourceDate "2009.11.22"]

1. d4 Nf6 2. Nf3 g6 3. g3 Bg7 4. Bg2 O-O 5. O-O d6 6. c4 c6 7. Nc3 Qa5 8. e4 e5
9. dxe5 dxe5 10. a3 Nbd7 11. b4 Qc7 12. Qe2 Re8 13. h3 Nf8 14. Be3 Ne6 15. Rac1
Nd7 16. Rfd1 Qb8 17. Qd2 a5 18. c5 axb4 19. axb4 b6 20. Qd6 bxc5 21. bxc5 Qxd6
22. cxd6 Ba6 23. Bf1 Reb8 24. Ra1 Bxf1 25. Kxf1 Rxa1 26. Rxa1 Nd4 27. Ra7 Rd8
28. Nd2 Nf8 29. Nc4 Nb5 30. Nxb5 cxb5 31. Na3 Rxd6 32. Nxb5 Rd8 1/2-1/2

[Event "Liga Madrid 2009-2010 Division de Honor"]
[Site "Madrid ESP"]
[Date "2009.12.13"]
[Round "3.42"]
[White "De La Fuente Gonzalez, Francisco"]
[Black "Hernandez Gallardo, Francisco Javier"]
[Result "0-1"]
[WhiteElo "2237"]
[BlackElo "2360"]
[PlyCount "72"]
[EventDate "2009.11.22"]
[EventType "team"]
[EventRounds "14"]
[EventCountry "ESP"]
[Source "lmi"]
[SourceDate "2009.11.22"]

1. c4 g6 2. e4 Bg7 3. d4 d6 4. Nf3 Nf6 5. Nc3 O-O 6. Be2 e5 7. O-O Nbd7 8. h3
exd4 9. Nxd4 Nc5 10. Bf3 Re8 11. Re1 a5 12. Bf4 Nfd7 13. Qd2 Ne5 14. Be2 Nc6
15. Nxc6 bxc6 16. Bf3 Ne6 17. Be3 Rb8 18. Rad1 c5 19. Nb5 a4 20. Qc2 Bd7 21.
Qxa4 Bxb2 22. Rb1 Be5 23. Bg4 c6 24. Na3 Ra8 25. Qb3 Qc7 26. Qd3 Qa5 27. Nc2
Qxa2 28. g3 h5 29. Be2 Reb8 30. Rxb8+ Rxb8 31. Rc1 Nd4 32. Bf1 Qb2 33. f4 Bf6
34. Bg2 Rb3 35. Qd2 Rxe3 36. Qxe3 Qxc1+ 0-1

[Event "Liga Madrid 2009-2010 Division de Honor"]
[Site "Madrid ESP"]
[Date "2009.12.13"]
[Round "3.43"]
[White "Solaesa Navalpotro, Luis Julio"]
[Black "Sanchez-Alarcos Galian, Victor"]
[Result "1/2-1/2"]
[WhiteElo "2224"]
[BlackElo "2149"]
[PlyCount "62"]
[EventDate "2009.11.22"]
[EventType "team"]
[EventRounds "14"]
[EventCountry "ESP"]
[Source "lmi"]
[SourceDate "2009.11.22"]

1. d4 g6 2. Nf3 Nf6 3. c4 Bg7 4. Nc3 d5 5. Bg5 Ne4 6. cxd5 Nxg5 7. Nxg5 e6 8.
Qd2 exd5 9. Qe3+ Kf8 10. Qf4 Bf6 11. h4 h6 12. Nf3 Kg7 13. O-O-O Be6 14. e4
dxe4 15. Qxe4 c6 16. Bd3 Bf5 17. Qf4 Bxd3 18. Rxd3 Na6 19. Ne5 Bxe5 20. Qxe5+
f6 21. Qf4 Qc7 22. Qd2 Rhe8 23. h5 g5 24. Kb1 Nb4 25. Re3 Qf7 26. a3 Nd5 27.
Nxd5 Qxd5 28. Qd3 Qf7 29. Rhe1 Rxe3 30. Rxe3 Re8 31. g4 Rxe3 1/2-1/2

[Event "Liga Madrid 2009-2010 Division de Honor"]
[Site "Madrid ESP"]
[Date "2009.12.13"]
[Round "3.44"]
[White "Arauz Alonso, Fernando"]
[Black "Fraga Castro, Jose Carlos"]
[Result "1-0"]
[WhiteElo "2140"]
[BlackElo "2220"]
[PlyCount "75"]
[EventDate "2009.11.22"]
[EventType "team"]
[EventRounds "14"]
[EventCountry "ESP"]
[Source "lmi"]
[SourceDate "2009.11.22"]

1. d4 g6 2. Nf3 Bg7 3. e4 c5 4. c3 cxd4 5. cxd4 d6 6. h3 Nf6 7. Nc3 O-O 8. Bd3
a6 9. O-O b5 10. a3 Nbd7 11. Qe2 Bb7 12. Rd1 Nb6 13. Be3 Rc8 14. Nd2 Nfd7 15.
Rac1 e5 16. d5 f5 17. f3 f4 18. Bf2 g5 19. b4 Nf6 20. Nb3 h5 21. Na5 Ba8 22. a4
Nxa4 23. Nxa4 Rxc1 24. Rxc1 bxa4 25. Bxa6 Qe8 26. Bc8 Qxc8 27. Rxc8 Rxc8 28.
Nc4 Bf8 29. b5 Bb7 30. Na5 Rc1+ 31. Kh2 Bc8 32. b6 g4 33. b7 g3+ 34. Bxg3 fxg3+
35. Kxg3 Bxb7 36. Nxb7 Rc7 37. Qa6 Rc3 38. Qxa4 1-0

[Event "Liga Madrid 2009-2010 Division de Honor"]
[Site "Madrid ESP"]
[Date "2009.12.13"]
[Round "3.45"]
[White "Ramirez Garcia, Jorge Alberto"]
[Black "Sanchez Naranjo, Jose Manuel"]
[Result "1-0"]
[WhiteElo "2175"]
[BlackElo "2090"]
[PlyCount "103"]
[EventDate "2009.11.22"]
[EventType "team"]
[EventRounds "14"]
[EventCountry "ESP"]
[Source "lmi"]
[SourceDate "2009.11.22"]

1. e4 c5 2. Nf3 Nc6 3. Nc3 g6 4. d4 cxd4 5. Nxd4 Bg7 6. Nde2 Nf6 7. g3 d6 8.
Bg2 O-O 9. O-O Bd7 10. h3 Qa5 11. a4 Rac8 12. Be3 Ne5 13. b3 Nc6 14. Qd2 a6 15.
f4 Rfd8 16. Qe1 Nb4 17. Qf2 Qh5 18. Bb6 Rf8 19. f5 Ne8 20. Nf4 Qg5 21. Ncd5
Nxd5 22. Nxd5 gxf5 23. Be3 Qh5 24. exf5 Bf6 25. Nxf6+ Nxf6 26. g4 Nxg4 27. hxg4
Qxg4 28. Rad1 Bc6 29. c4 f6 30. Rd4 Qxg2+ 31. Qxg2+ Bxg2 32. Kxg2 Kf7 33. Rh4
Rg8+ 34. Kf3 Rg7 35. Rfh1 Rh8 36. Bh6 Rgg8 37. Bd2 Rg7 38. Bb4 Ke8 39. Ke4 Kd7
40. Kf4 Rhg8 41. R1h3 Rg1 42. Re3 R8g7 43. Be1 Rf1+ 44. Ke4 Rg5 45. Rxh7 Rgxf5
46. Kd3 Re5 47. Rxe5 dxe5 48. Bb4 Rf3+ 49. Kc2 Ke6 50. Rxe7+ Kf5 51. Rxb7 e4
52. c5 1-0

[Event "Liga Madrid 2009-2010 Division de Honor"]
[Site "Madrid ESP"]
[Date "2009.12.13"]
[Round "3.46"]
[White "Lopez Gomez, Miguel"]
[Black "Mansilla Tolosa, Luis"]
[Result "0-1"]
[WhiteElo "2087"]
[BlackElo "2099"]
[PlyCount "78"]
[EventDate "2009.11.22"]
[EventType "team"]
[EventRounds "14"]
[EventCountry "ESP"]
[Source "lmi"]
[SourceDate "2009.11.22"]

1. d4 Nf6 2. Nf3 d5 3. e3 e6 4. Bd3 Bd6 5. Nbd2 O-O 6. b3 b6 7. Bb2 Bb7 8. Ne5
Nbd7 9. O-O Ne4 10. Bxe4 dxe4 11. Ndc4 f6 12. Nxd6 cxd6 13. Nc4 Ba6 14. Nxd6
Bxf1 15. Qxf1 f5 16. Qc4 Rf6 17. Nxf5 Rxf5 18. Qxe6+ Rf7 19. Qxe4 Rc8 20. f3 b5
21. c3 Qg5 22. Re1 Rcf8 23. Ba3 Rc8 24. Bb2 Nb6 25. f4 Qe7 26. Qf3 Re8 27. e4
Qb7 28. g3 Rfe7 29. Qh5 Rxe4 30. Qxe8+ Rxe8 31. Rxe8+ Kf7 32. Re3 Nd5 33. Re5
g6 34. Kf2 Qc6 35. Ba3 a5 36. Bc5 Nxc3 37. Ke1 b4 38. Be7 Qh1+ 39. Kd2 Qd1+ 0-1

[Event "Liga Madrid 2009-2010 Division de Honor"]
[Site "Madrid ESP"]
[Date "2009.12.20"]
[Round "4.11"]
[White "Almagro Llamas, Pablo"]
[Black "Moreno Ruiz, Javier"]
[Result "1/2-1/2"]
[WhiteElo "2453"]
[BlackElo "2459"]
[PlyCount "162"]
[EventDate "2009.11.22"]
[EventType "team"]
[EventRounds "14"]
[EventCountry "ESP"]
[Source "lmi"]
[SourceDate "2009.11.22"]

1. e4 c5 2. Nf3 g6 3. Nc3 Bg7 4. d4 cxd4 5. Nxd4 Nc6 6. Be3 Nf6 7. Bc4 O-O 8.
Bb3 a5 9. O-O a4 10. Nxa4 Nxe4 11. Nb5 d5 12. c3 e6 13. f3 Nd6 14. Nxd6 Qxd6
15. Bc5 Qc7 16. Nb6 Ra5 17. Bf2 Be5 18. g3 Ra6 19. Nxc8 Rxc8 20. Qe2 Na5 21.
Bc2 Nc4 22. Bd3 Rc6 23. Rab1 Bg7 24. Kg2 e5 25. Rbd1 Rd8 26. a3 d4 27. cxd4
exd4 28. Bxc4 Rxc4 29. Rd2 Qc6 30. Rfd1 Re8 31. Qf1 Qd5 32. Qd3 h5 33. b3 Rc6
34. Bxd4 Bxd4 35. Qxd4 Qxd4 36. Rxd4 Re2+ 37. Kh3 Rcc2 38. Rh1 Re3 39. Rb4 Rxf3
40. Rxb7 g5 41. Rb4 Rff2 42. Rc4 Rb2 43. Rc3 Kg7 44. g4 h4 45. a4 Ra2 46. Rd3
Kg6 47. b4 Rxa4 48. Rb3 Raa2 49. b5 Rab2 50. Rxb2 Rxb2 51. Rc1 Rxb5 52. Rc6+
Kg7 53. Rc2 Rb4 54. Rd2 Rf4 55. Rc2 Kg6 56. Ra2 Kf6 57. Ra6+ Kg7 58. Ra5 f6 59.
Ra7+ Kf8 60. Ra2 Ke7 61. Ra6 Rd4 62. Ra3 Ke6 63. Rf3 Re4 64. Ra3 Ke5 65. Rf3
Rf4 66. Re3+ Kd4 67. Re1 Re4 68. Rf1 Rf4 69. Re1 Kd3 70. Re6 Kd2 71. Re8 Kd3
72. Re6 Kd4 73. Re1 Rf3+ 74. Kg2 Re3 75. Rf1 h3+ 76. Kg1 Ke5 77. Rf5+ Ke6 78.
Kf2 Ra3 79. Rb5 Rd3 80. Ra5 Rd5 81. Ra3 Rd4 1/2-1/2